[Event "Priit Leito Memorial Tournament"]
[Site "Tallinn, Paul Keres Chess House, Estonia"]
[Date "2023.02.04"]
[Round "4.5"]
[White "Ehlvest, Jaan"]
[Black "Tanav, Tiit"]
[Result "1-0"]
[TimeControl " Rapid: 15 minutes for game with 3 seconds increment from move 1"]
[WhiteTitle "GM"]
[WhiteElo "2494"]
[BlackElo "2211"]

1. e4 {

[%clk 00:15:04]

} c5 {

[%clk 00:15:00]

} {

[%emt 00:00:06]

} 2. Nf3 {

[%clk 00:15:06]

} {

[%emt 00:00:01]

} g6 {

[%clk 00:14:58]

} {

[%emt 00:00:06]

} 3. c4 {

[%clk 00:15:06]

} {

[%emt 00:00:03]

} Bg7 {

[%emt 00:00:03]

} 4. d4 Nc6 {

[%clk 00:14:41]

} {

[%emt 00:00:16]

} 5. dxc5 {

[%clk 00:14:52]

} {

[%emt 00:00:17]

} Qa5+ {

[%clk 00:14:32]

} {

[%emt 00:00:12]

} 6. Bd2 {

[%clk 00:14:36]

} {

[%emt 00:00:18]

} Qxc5 {

[%clk 00:14:29]

} {

[%emt 00:00:06]

} 7. Nc3 {

[%clk 00:14:37]

} Nf6 {

[%clk 00:14:09]

} {

[%emt 00:00:24]

} 8. Be2 {

[%clk 00:14:24]

} {

[%emt 00:00:16]

} O-O {

[%clk 00:13:53]

} {

[%emt 00:00:19]

} 9. O-O {

[%clk 00:14:15]

} {

[%emt 00:00:12]

} d6 {

[%clk 00:13:51]

} {

[%emt 00:00:06]

} 10. Be3 {

[%clk 00:13:43]

} {

[%emt 00:00:35]

} Qa5 {

[%clk 00:13:50]

} {

[%emt 00:00:04]

} 11. Nd2 {

[%clk 00:13:37]

} {

[%emt 00:00:08]

} Ne5 {

[%clk 00:12:39]

} {

[%emt 00:01:14]

} 12. h3 {

[%clk 00:12:24]

} {

[%emt 00:01:16]

} Be6 {

[%clk 00:12:34]

} {

[%emt 00:00:08]

} 13. f4 {

[%clk 00:12:22]

} {

[%emt 00:00:05]

} Nc6 {

[%clk 00:12:35]

} {

[%emt 00:00:03]

} 14. a3 {

[%clk 00:12:11]

} {

[%emt 00:00:14]

} Rac8 {

[%clk 00:12:05]

} {

[%emt 00:00:32]

} 15. b4 {

[%clk 00:11:36]

} {

[%emt 00:00:37]

} Qc7 {

[%clk 00:11:38]

} {

[%emt 00:00:31]

} 16. Rc1 {

[%clk 00:11:36]

} {

[%emt 00:00:03]

} Qb8 {

[%clk 00:11:32]

} {

[%emt 00:00:09]

} 17. Nd5 {

[%clk 00:10:47]

} {

[%emt 00:00:52]

} Rfe8 {

[%clk 00:11:05]

} {

[%emt 00:00:31]

} 18. Bf3 {

[%clk 00:10:40]

} {

[%emt 00:00:09]

} b5 {

[%clk 00:10:19]

} {

[%emt 00:00:49]

} 19. cxb5 {

[%clk 00:09:17]

} {

[%emt 00:01:26]

} Qxb5 {

[%clk 00:10:19]

} {

[%emt 00:00:03]

} 20. a4 {

[%clk 00:09:18]

} {

[%emt 00:00:02]

} Qb8 {

[%clk 00:09:56]

} {

[%emt 00:00:26]

} 21. Nxf6+ {

[%clk 00:09:10]

} {

[%emt 00:00:10]

} exf6 {

[%clk 00:09:25]

} {

[%emt 00:00:34]

} 22. b5 {

[%clk 00:09:11]

} {

[%emt 00:00:02]

} Nb4 {

[%clk 00:09:03]

} {

[%emt 00:00:26]

} 23. Qe2 {

[%clk 00:08:45]

} {

[%emt 00:00:29]

} f5 {

[%clk 00:08:30]

} {

[%emt 00:00:36]

} 24. Rxc8 {

[%clk 00:08:23]

} {

[%emt 00:00:25]

} Rxc8 {

[%clk 00:08:31]

} {

[%emt 00:00:03]

} 25. Rd1 {

[%clk 00:07:28]

} {

[%emt 00:00:57]

} Nc2 {

[%clk 00:08:00]

} {

[%emt 00:00:33]

} 26. Bf2 {

[%clk 00:07:06]

} {

[%emt 00:00:24]

} Nd4 {

[%clk 00:07:44]

} {

[%emt 00:00:20]

} 27. Qd3 {

[%clk 00:06:44]

} {

[%emt 00:00:25]

} Nxf3+ {

[%clk 00:07:22]

} {

[%emt 00:00:24]

} 28. Nxf3 {

[%clk 00:06:41]

} {

[%emt 00:00:06]

} fxe4 {

[%clk 00:07:05]

} {

[%emt 00:00:21]

} 29. Qxe4 {

[%clk 00:06:43]

} Rc4 {

[%clk 00:06:36]

} {

[%emt 00:00:32]

} 30. Qd3 {

[%clk 00:06:44]

} {

[%emt 00:00:01]

} d5 {

[%clk 00:06:28]

} {

[%emt 00:00:12]

} 31. f5 {

[%clk 00:06:32]

} {

[%emt 00:00:16]

} Rc3 {

[%clk 00:05:40]

} {

[%emt 00:00:51]

} 32. Qd2 {

[%clk 00:06:17]

} {

[%emt 00:00:18]

} gxf5 {

[%clk 00:05:27]

} {

[%emt 00:00:16]

} 33. Bd4 {

[%clk 00:05:57]

} {

[%emt 00:00:23]

} Bxd4+ {

[%clk 00:04:55]

} {

[%emt 00:00:36]

} 34. Nxd4 {

[%clk 00:05:53]

} {

[%emt 00:00:07]

} Qg3 {

[%clk 00:04:33]

} {

[%emt 00:00:24]

} 35. a5 {

[%clk 00:04:23]

} {

[%emt 00:01:33]

} f4 {

[%clk 00:04:21]

} {

[%emt 00:00:16]

} 36. Ne2 {

[%clk 00:04:23]

} {

[%emt 00:00:03]

} Qe3+ {

[%clk 00:04:12]

} {

[%emt 00:00:12]

} 37. Qxe3 {

[%clk 00:04:24]

} {

[%emt 00:00:02]

} Rxe3 {

[%clk 00:04:13]

} {

[%emt 00:00:02]

} 38. Nd4 {

[%clk 00:04:17]

} {

[%emt 00:00:09]

} Ra3 {

[%clk 00:03:40]

} {

[%emt 00:00:36]

} 39. a6 {

[%clk 00:04:19]

} {

[%emt 00:00:02]

} Bd7 {

[%clk 00:02:47]

} {

[%emt 00:00:56]

} 40. Rc1 {

[%clk 00:04:21]

} {

[%emt 00:00:02]

} Ra4 {

[%clk 00:02:37]

} {

[%emt 00:00:12]

} 41. Nc6 {

[%clk 00:02:46]

} {

[%emt 00:01:37]

} Rc4 {

[%clk 00:02:39]

} {

[%emt 00:00:01]

} 42. Rxc4 {

[%clk 00:02:48]

} {

[%emt 00:00:01]

} dxc4 {

[%clk 00:02:41]

} {

[%emt 00:00:01]

} 43. Kf2 {

[%clk 00:02:51]

} c3 {

[%clk 00:02:39]

} {

[%emt 00:00:05]

} 44. Ke2 {

[%clk 00:02:53]

} Kf8 {

[%clk 00:02:40]

} {

[%emt 00:00:03]

} 45. Nxa7 {

[%clk 00:02:52]

} {

[%emt 00:00:04]

} Ke7 {

[%clk 00:02:23]

} {

[%emt 00:00:20]

} 46. b6 {

[%clk 00:02:47]

} {

[%emt 00:00:09]

} Kd6 {

[%clk 00:02:15]

} {

[%emt 00:00:11]

} 47. Kd3 {

[%clk 00:02:48]

} {

[%emt 00:00:01]

} Bxh3 {

[%clk 00:01:36]

} {

[%emt 00:00:42]

} 48. b7 {

[%clk 00:02:34]

} {

[%emt 00:00:17]

} Kc7 {

[%clk 00:01:38]

} {

[%emt 00:00:01]

} 49. Nc6 {

[%clk 00:02:35]

} {

[%emt 00:00:01]

} 1-0

[Event "Priit Leito Memorial Tournament"]
[Site "Tallinn, Paul Keres Chess House, Estonia"]
[Date "2023.02.04"]
[Round "4.6"]
[White "Liiva, Riho"]
[Black "Vohla, Mihkel"]
[Result "1-0"]
[TimeControl " Rapid: 15 minutes for game with 3 seconds increment from move 1"]
[WhiteTitle "IM"]
[WhiteElo "2458"]
[BlackElo "1967"]

1. e4 {

[%clk 00:15:05]

} e6 {

[%clk 00:14:54]

} {

[%emt 00:00:12]

} 2. d4 {

[%clk 00:15:05]

} {

[%emt 00:00:02]

} d5 {

[%clk 00:14:57]

} 3. exd5 {

[%clk 00:15:07]

} {

[%emt 00:00:01]

} exd5 {

[%clk 00:14:58]

} {

[%emt 00:00:02]

} 4. Nf3 {

[%clk 00:15:10]

} Nf6 {

[%clk 00:14:56]

} {

[%emt 00:00:05]

} 5. Bd3 {

[%clk 00:15:11]

} {

[%emt 00:00:01]

} Be7 {

[%clk 00:14:53]

} {

[%emt 00:00:06]

} 6. O-O {

[%clk 00:14:57]

} {

[%emt 00:00:17]

} O-O {

[%clk 00:14:53]

} {

[%emt 00:00:03]

} 7. Bg5 {

[%clk 00:14:41]

} {

[%emt 00:00:19]

} Bg4 {

[%clk 00:14:53]

} {

[%emt 00:00:03]

} 8. Nbd2 {

[%clk 00:14:42]

} h6 {

[%clk 00:14:29]

} {

[%emt 00:00:28]

} 9. Bh4 {

[%clk 00:14:43]

} {

[%emt 00:00:02]

} Re8 {

[%clk 00:14:20]

} {

[%emt 00:00:12]

} 10. Re1 {

[%clk 00:14:32]

} {

[%emt 00:00:14]

} Nbd7 {

[%clk 00:14:04]

} {

[%emt 00:00:19]

} 11. h3 {

[%clk 00:14:06]

} {

[%emt 00:00:29]

} Bh5 {

[%clk 00:14:01]

} {

[%emt 00:00:05]

} 12. c3 {

[%clk 00:13:51]

} {

[%emt 00:00:19]

} c5 {

[%clk 00:13:44]

} {

[%emt 00:00:21]

} 13. Qc2 {

[%clk 00:10:34]

} {

[%emt 00:03:19]

} cxd4 {

[%clk 00:12:30]

} {

[%emt 00:01:17]

} 14. Nxd4 {

[%clk 00:10:27]

} {

[%emt 00:00:10]

} Nc5 {

[%clk 00:12:16]

} {

[%emt 00:00:17]

} 15. Bb5 {

[%clk 00:09:54]

} {

[%emt 00:00:36]

} Bg6 {

[%clk 00:11:26]

} {

[%emt 00:00:54]

} 16. Nf5 {

[%clk 00:08:51]

} {

[%emt 00:01:06]

} Ncd7 {

[%clk 00:09:32]

} {

[%emt 00:01:57]

} 17. Nxe7+ {

[%clk 00:07:44]

} {

[%emt 00:01:10]

} Rxe7 {

[%clk 00:09:18]

} {

[%emt 00:00:17]

} 18. Qa4 {

[%clk 00:07:28]

} {

[%emt 00:00:19]

} Nc5 {

[%clk 00:08:30]

} {

[%emt 00:00:51]

} 19. Qd4 {

[%clk 00:06:47]

} {

[%emt 00:00:44]

} Ne6 {

[%clk 00:08:24]

} {

[%emt 00:00:09]

} 20. Qb4 {

[%clk 00:05:34]

} {

[%emt 00:01:16]

} a6 {

[%emt 00:01:01]

} 21. Bxf6 {

[%clk 00:05:30]

} {

[%emt 00:00:06]

} gxf6 {

[%clk 00:07:28]

} {

[%emt 00:00:01]

} 22. Bf1 {

[%clk 00:05:32]

} {

[%emt 00:00:01]

} Qd7 {

[%clk 00:06:33]

} {

[%emt 00:00:59]

} 23. Nb3 {

[%clk 00:05:28]

} {

[%emt 00:00:06]

} Rae8 {

[%clk 00:06:33]

} {

[%emt 00:00:03]

} 24. Rad1 {

[%clk 00:05:26]

} {

[%emt 00:00:05]

} Bc2 {

[%clk 00:06:24]

} {

[%emt 00:00:12]

} 25. Rd2 {

[%clk 00:05:09]

} {

[%emt 00:00:20]

} Bxb3 {

[%clk 00:06:24]

} {

[%emt 00:00:03]

} 26. Qxb3 {

[%clk 00:04:51]

} {

[%emt 00:00:21]

} Nf4 {

[%clk 00:06:04]

} {

[%emt 00:00:22]

} 27. Rxe7 {

[%clk 00:04:29]

} {

[%emt 00:00:24]

} Rxe7 {

[%clk 00:05:39]

} {

[%emt 00:00:28]

} 28. Qd1 {

[%clk 00:04:09]

} {

[%emt 00:00:23]

} Re5 {

[%clk 00:04:58]

} {

[%emt 00:00:44]

} 29. Qg4+ {

[%clk 00:03:01]

} {

[%emt 00:01:11]

} Qxg4 {

[%clk 00:05:00]

} {

[%emt 00:00:02]

} 30. hxg4 {

[%clk 00:03:03]

} Ne6 {

[%clk 00:04:21]

} {

[%emt 00:00:42]

} 31. g3 {

[%clk 00:03:03]

} {

[%emt 00:00:03]

} Rg5 {

[%clk 00:03:30]

} {

[%emt 00:00:54]

} 32. Be2 {

[%clk 00:03:02]

} {

[%emt 00:00:03]

} Nc7 {

[%clk 00:03:01]

} {

[%emt 00:00:32]

} 33. f4 {

[%clk 00:02:45]

} {

[%emt 00:00:20]

} Rg7 {

[%clk 00:02:58]

} {

[%emt 00:00:07]

} 34. Kf2 {

[%clk 00:02:39]

} {

[%emt 00:00:09]

} Kf8 {

[%clk 00:02:50]

} {

[%emt 00:00:11]

} 35. Bf3 {

[%clk 00:02:41]

} b5 {

[%clk 00:02:34]

} {

[%emt 00:00:19]

} 36. Bxd5 {

[%clk 00:02:38]

} {

[%emt 00:00:06]

} Rxg4 {

[%clk 00:02:30]

} {

[%emt 00:00:08]

} 37. Bf3 {

[%clk 00:02:35]

} {

[%emt 00:00:05]

} Rg8 {

[%clk 00:02:22]

} {

[%emt 00:00:11]

} 38. Rd7 {

[%clk 00:02:33]

} {

[%emt 00:00:06]

} Ne6 {

[%clk 00:02:11]

} {

[%emt 00:00:14]

} 39. Bd5 {

[%clk 00:02:23]

} {

[%emt 00:00:13]

} Ke8 {

[%clk 00:01:18]

} {

[%emt 00:00:56]

} 40. Ra7 {

[%clk 00:02:21]

} {

[%emt 00:00:05]

} h5 {

[%clk 00:00:57]

} {

[%emt 00:00:23]

} 41. Ra8+ {

[%clk 00:01:58]

} {

[%emt 00:00:27]

} Nd8 {

[%clk 00:00:57]

} {

[%emt 00:00:03]

} 42. Rxa6 {

[%clk 00:01:57]

} {

[%emt 00:00:05]

} h4 {

[%clk 00:00:57]

} {

[%emt 00:00:03]

} 43. gxh4 {

[%clk 00:01:53]

} {

[%emt 00:00:07]

} Rg4 {

[%clk 00:00:56]

} {

[%emt 00:00:04]

} 44. Kf3 {

[%clk 00:01:16]

} {

[%emt 00:00:40]

} Rxh4 {

[%clk 00:00:55]

} {

[%emt 00:00:04]

} 45. Kg3 {

[%clk 00:01:17]

} {

[%emt 00:00:02]

} Rh5 {

[%clk 00:00:51]

} {

[%emt 00:00:07]

} 46. Bf3 {

[%clk 00:01:19]

} {

[%emt 00:00:01]

} Rc5 {

[%clk 00:00:47]

} {

[%emt 00:00:06]

} 47. Rxf6 {

[%clk 00:01:14]

} {

[%emt 00:00:08]

} Ne6 {

[%clk 00:00:45]

} {

[%emt 00:00:05]

} 48. Bg4 {

[%clk 00:01:10]

} {

[%emt 00:00:08]

} Nc7 {

[%clk 00:00:32]

} {

[%emt 00:00:16]

} 49. Rf5 {

[%clk 00:01:05]

} {

[%emt 00:00:09]

} Rc6 {

[%clk 00:00:30]

} {

[%emt 00:00:04]

} 50. Be2 {

[%clk 00:00:57]

} {

[%emt 00:00:11]

} Rb6 {

[%clk 00:00:25]

} {

[%emt 00:00:08]

} 51. Bh5 {

[%clk 00:00:56]

} {

[%emt 00:00:04]

} b4 {

[%clk 00:00:13]

} {

[%emt 00:00:15]

} 52. Bxf7+ {

[%clk 00:00:57]

} {

[%emt 00:00:01]

} Ke7 {

[%clk 00:00:16]

} 53. cxb4 {

[%clk 00:00:58]

} {

[%emt 00:00:02]

} Rxb4 {

[%clk 00:00:18]

} 54. b3 {

[%clk 00:01:00]

} {

[%emt 00:00:01]

} Rb6 {

[%clk 00:00:14]

} {

[%emt 00:00:07]

} 55. Bc4 {

[%clk 00:01:00]

} {

[%emt 00:00:03]

} Rh6 {

[%clk 00:00:10]

} {

[%emt 00:00:07]

} 56. Re5+ {

[%clk 00:00:54]

} {

[%emt 00:00:10]

} Kd6 {

[%clk 00:00:10]

} {

[%emt 00:00:03]

} 57. Re2 {

[%clk 00:00:55]

} {

[%emt 00:00:01]

} Rg6+ {

[%clk 00:00:06]

} {

[%emt 00:00:07]

} 58. Kf3 {

[%clk 00:00:57]

} Rh6 {

[%clk 00:00:06]

} {

[%emt 00:00:03]

} 59. f5 {

[%clk 00:00:59]

} {

[%emt 00:00:01]

} Kd7 {

[%clk 00:00:06]

} {

[%emt 00:00:03]

} 60. Kf4 {

[%clk 00:01:01]

} {

[%emt 00:00:02]

} Rd6 {

[%clk 00:00:05]

} {

[%emt 00:00:04]

} 61. Kg5 {

[%clk 00:01:01]

} {

[%emt 00:00:03]

} Kd8 {

[%clk 00:00:04]

} {

[%emt 00:00:04]

} 62. f6 {

[%clk 00:01:04]

} Ne8 {

[%clk 00:00:05]

} {

[%emt 00:00:01]

} 63. f7 {

[%clk 00:01:05]

} {

[%emt 00:00:01]

} 1-0

[Event "Priit Leito Memorial Tournament"]
[Site "Tallinn, Paul Keres Chess House, Estonia"]
[Date "2023.02.04"]
[Round "5.2"]
[White "Nyback, Tomi"]
[Black "Neiksans, Arturs"]
[Result "1-0"]
[TimeControl " Rapid: 15 minutes for game with 3 seconds increment from move 1"]
[WhiteTitle "GM"]
[BlackTitle "GM"]
[WhiteElo "2572"]
[BlackElo "2552"]

1. d4 {

[%clk 00:15:04]

} {

[%emt 00:00:02]

} Nf6 {

[%clk 00:15:05]

} {

[%emt 00:00:02]

} 2. c4 {

[%clk 00:15:05]

} {

[%emt 00:00:01]

} e6 {

[%clk 00:15:06]

} {

[%emt 00:00:02]

} 3. Nf3 {

[%clk 00:15:06]

} {

[%emt 00:00:01]

} b6 {

[%clk 00:15:07]

} {

[%emt 00:00:02]

} 4. g3 {

[%clk 00:15:06]

} {

[%emt 00:00:04]

} Bb7 {

[%clk 00:15:04]

} {

[%emt 00:00:06]

} 5. Bg2 {

[%clk 00:15:06]

} {

[%emt 00:00:02]

} Be7 {

[%clk 00:15:02]

} {

[%emt 00:00:05]

} 6. O-O {

[%clk 00:15:04]

} {

[%emt 00:00:05]

} O-O {

[%clk 00:15:02]

} {

[%emt 00:00:03]

} 7. d5 {

[%clk 00:14:59]

} {

[%emt 00:00:08]

} exd5 {

[%clk 00:15:03]

} {

[%emt 00:00:03]

} 8. Nh4 {

[%clk 00:15:00]

} {

[%emt 00:00:01]

} c6 {

[%clk 00:14:42]

} {

[%emt 00:00:25]

} 9. cxd5 {

[%clk 00:15:01]

} {

[%emt 00:00:02]

} Nxd5 {

[%clk 00:14:43]

} {

[%emt 00:00:02]

} 10. Nf5 {

[%clk 00:15:01]

} {

[%emt 00:00:02]

} Bf6 {

[%clk 00:14:15]

} {

[%emt 00:00:32]

} 11. e4 {

[%clk 00:14:23]

} {

[%emt 00:00:40]

} Ne7 {

[%clk 00:14:04]

} {

[%emt 00:00:14]

} 12. Nd6 {

[%clk 00:14:03]

} {

[%emt 00:00:23]

} Ba6 {

[%clk 00:14:03]

} {

[%emt 00:00:05]

} 13. Re1 {

[%clk 00:14:04]

} {

[%emt 00:00:02]

} Be5 {

[%clk 00:13:49]

} {

[%emt 00:00:17]

} 14. f4 {

[%clk 00:11:49]

} {

[%emt 00:02:17]

} Bxd6 {

[%clk 00:13:49]

} {

[%emt 00:00:04]

} 15. Qxd6 {

[%clk 00:11:49]

} {

[%emt 00:00:03]

} c5 {

[%clk 00:13:46]

} {

[%emt 00:00:06]

} 16. Nc3 {

[%clk 00:07:04]

} {

[%emt 00:04:47]

} Nbc6 {

[%clk 00:13:47]

} {

[%emt 00:00:02]

} 17. Be3 {

[%clk 00:07:04]

} {

[%emt 00:00:02]

} Nb4 {

[%clk 00:13:35]

} {

[%emt 00:00:15]

} 18. Qd2 {

[%clk 00:07:04]

} {

[%emt 00:00:04]

} d5 {

[%clk 00:12:54]

} {

[%emt 00:00:44]

} 19. Nxd5 {

[%clk 00:06:21]

} {

[%emt 00:00:46]

} Nexd5 {

[%clk 00:07:35]

} {

[%emt 00:05:23]

} 20. exd5 {

[%clk 00:06:21]

} {

[%emt 00:00:02]

} Qd6 {

[%clk 00:07:36]

} {

[%emt 00:00:01]

} 21. a3 {

[%clk 00:03:38]

} {

[%emt 00:02:46]

} Nd3 {

[%clk 00:07:38]

} 22. Red1 {

[%clk 00:03:40]

} {

[%emt 00:00:01]

} Rfe8 {

[%clk 00:04:59]

} {

[%emt 00:02:42]

} 23. Bf1 {

[%clk 00:02:48]

} {

[%emt 00:00:55]

} c4 {

[%clk 00:05:01]

} {

[%emt 00:00:02]

} 24. b3 {

[%clk 00:02:45]

} {

[%emt 00:00:05]

} Nc5 {

[%clk 00:02:49]

} {

[%emt 00:02:15]

} 25. Bxc5 {

[%clk 00:02:42]

} {

[%emt 00:00:06]

} Qxc5+ {

[%clk 00:02:51]

} {

[%emt 00:00:02]

} 26. Qf2 {

[%clk 00:02:43]

} {

[%emt 00:00:01]

} Rac8 {

[%clk 00:02:22]

} {

[%emt 00:00:32]

} 27. Qxc5 {

[%clk 00:02:06]

} {

[%emt 00:00:40]

} Rxc5 {

[%clk 00:02:24]

} {

[%emt 00:00:02]

} 28. Rac1 {

[%clk 00:02:06]

} {

[%emt 00:00:03]

} b5 {

[%clk 00:01:15]

} {

[%emt 00:01:12]

} 29. a4 {

[%clk 00:01:52]

} {

[%emt 00:00:16]

} bxa4 {

[%clk 00:01:09]

} {

[%emt 00:00:10]

} 30. Bxc4 {

[%clk 00:01:03]

} {

[%emt 00:00:52]

} Bxc4 {

[%clk 00:00:20]

} {

[%emt 00:00:53]

} 31. Rxc4 {

[%clk 00:01:04]

} {

[%emt 00:00:02]

} Rb5 {

[%clk 00:00:08]

} {

[%emt 00:00:15]

} 32. bxa4 {

[%clk 00:01:01]

} {

[%emt 00:00:06]

} Rb7 {

[%clk 00:00:09]

} {

[%emt 00:00:02]

} 33. Rdc1 {

[%clk 00:00:52]

} {

[%emt 00:00:12]

} h5 {

[%clk 00:00:07]

} {

[%emt 00:00:05]

} 34. Rc8 {

[%clk 00:00:47]

} {

[%emt 00:00:08]

} Rxc8 {

[%clk 00:00:07]

} {

[%emt 00:00:03]

} 35. Rxc8+ {

[%clk 00:00:48]

} {

[%emt 00:00:02]

} Kh7 {

[%clk 00:00:09]

} 36. Kf2 {

[%clk 00:00:33]

} {

[%emt 00:00:17]

} Rb4 {

[%clk 00:00:11]

} {

[%emt 00:00:01]

} 37. Ke3 {

[%clk 00:00:34]

} {

[%emt 00:00:02]

} Rb7 {

[%clk 00:00:04]

} {

[%emt 00:00:10]

} 38. Kd4 {

[%clk 00:00:34]

} {

[%emt 00:00:03]

} Kg6 {

[%clk 00:00:07]

} 39. d6 {

[%clk 00:00:34]

} {

[%emt 00:00:03]

} a5 {

[%clk 00:00:04]

} {

[%emt 00:00:06]

} 40. Kd5 {

[%clk 00:00:34]

} {

[%emt 00:00:03]

} Kf5 {

[%clk 00:00:06]

} {

[%emt 00:00:01]

} 41. Kc6 {

[%clk 00:00:35]

} {

[%emt 00:00:02]

} 1-0

[Event "Priit Leito Memorial Tournament"]
[Site "Tallinn, Paul Keres Chess House, Estonia"]
[Date "2023.02.04"]
[Round "5.3"]
[White "Chukavin, Kirill"]
[Black "Ehlvest, Jaan"]
[Result "0-1"]
[TimeControl " Rapid: 15 minutes for game with 3 seconds increment from move 1"]
[WhiteTitle "FM"]
[BlackTitle "GM"]
[WhiteElo "2375"]
[BlackElo "2494"]

1. e4 {

[%clk 00:15:03]

} {

[%emt 00:00:02]

} c5 {

[%clk 00:15:05]

} {

[%emt 00:00:02]

} 2. Nf3 {

[%clk 00:15:02]

} {

[%emt 00:00:04]

} Nc6 {

[%clk 00:15:06]

} {

[%emt 00:00:01]

} 3. d4 {

[%clk 00:14:54]

} {

[%emt 00:00:11]

} cxd4 {

[%clk 00:15:07]

} {

[%emt 00:00:02]

} 4. Nxd4 {

[%clk 00:14:56]

} {

[%emt 00:00:02]

} Nf6 {

[%clk 00:15:08]

} {

[%emt 00:00:01]

} 5. Nc3 {

[%clk 00:14:57]

} {

[%emt 00:00:02]

} e5 {

[%clk 00:15:10]

} {

[%emt 00:00:01]

} 6. Ndb5 {

[%clk 00:14:51]

} {

[%emt 00:00:09]

} d6 {

[%clk 00:15:11]

} {

[%emt 00:00:02]

} 7. Bg5 {

[%clk 00:14:50]

} {

[%emt 00:00:05]

} a6 {

[%clk 00:15:13]

} {

[%emt 00:00:01]

} 8. Na3 {

[%clk 00:14:51]

} {

[%emt 00:00:01]

} b5 {

[%clk 00:15:14]

} {

[%emt 00:00:01]

} 9. Nd5 {

[%clk 00:14:49]

} {

[%emt 00:00:05]

} Be7 {

[%clk 00:15:16]

} {

[%emt 00:00:01]

} 10. Bxf6 {

[%clk 00:14:48]

} {

[%emt 00:00:04]

} Bxf6 {

[%clk 00:15:17]

} {

[%emt 00:00:01]

} 11. c4 {

[%clk 00:14:49]

} {

[%emt 00:00:03]

} b4 {

[%clk 00:15:18]

} {

[%emt 00:00:02]

} 12. Nc2 {

[%clk 00:14:50]

} {

[%emt 00:00:02]

} a5 {

[%clk 00:15:19]

} {

[%emt 00:00:02]

} 13. g3 {

[%clk 00:14:48]

} {

[%emt 00:00:05]

} O-O {

[%clk 00:14:50]

} {

[%emt 00:00:32]

} 14. Bg2 {

[%clk 00:14:45]

} {

[%emt 00:00:05]

} g6 {

[%clk 00:14:48]

} {

[%emt 00:00:05]

} 15. O-O {

[%clk 00:14:42]

} {

[%emt 00:00:06]

} Bg7 {

[%clk 00:14:49]

} {

[%emt 00:00:02]

} 16. Qd3 {

[%clk 00:14:36]

} {

[%emt 00:00:09]

} Be6 {

[%clk 00:14:41]

} {

[%emt 00:00:11]

} 17. Rfd1 {

[%clk 00:13:40]

} {

[%emt 00:00:59]

} Nb8 {

[%clk 00:13:10]

} {

[%emt 00:01:34]

} 18. a3 {

[%clk 00:10:49]

} {

[%emt 00:02:55]

} bxa3 {

[%clk 00:12:57]

} {

[%emt 00:00:16]

} 19. Nxa3 {

[%clk 00:10:48]

} {

[%emt 00:00:03]

} Nc6 {

[%clk 00:09:55]

} {

[%emt 00:03:05]

} 20. Nb5 {

[%clk 00:10:43]

} {

[%emt 00:00:08]

} Rb8 {

[%clk 00:09:48]

} {

[%emt 00:00:10]

} 21. Ndc7 {

[%clk 00:07:32]

} {

[%emt 00:03:14]

} Nd4 {

[%clk 00:07:15]

} {

[%emt 00:02:36]

} 22. Nxd4 {

[%clk 00:07:26]

} {

[%emt 00:00:09]

} exd4 {

[%clk 00:07:11]

} {

[%emt 00:00:06]

} 23. Nb5 {

[%clk 00:07:23]

} {

[%emt 00:00:07]

} Bd7 {

[%clk 00:06:33]

} {

[%emt 00:00:41]

} 24. Nxd6 {

[%clk 00:02:57]

} {

[%emt 00:04:29]

} Rxb2 {

[%clk 00:04:41]

} {

[%emt 00:01:56]

} 25. Qa3 {

[%clk 00:01:50]

} {

[%emt 00:01:10]

} Qb8 {

[%clk 00:04:42]

} {

[%emt 00:00:01]

} 26. Nb5 {

[%clk 00:01:11]

} {

[%emt 00:00:42]

} d3 {

[%clk 00:04:33]

} {

[%emt 00:00:13]

} 27. Qxd3 {

[%clk 00:00:44]

} {

[%emt 00:00:30]

} Bxb5 {

[%clk 00:03:50]

} {

[%emt 00:00:45]

} 28. cxb5 {

[%clk 00:00:45]

} {

[%emt 00:00:02]

} Qb6 {

[%clk 00:03:51]

} {

[%emt 00:00:02]

} 29. Qe3 {

[%clk 00:00:13]

} {

[%emt 00:00:36]

} Qxe3 {

[%clk 00:03:34]

} {

[%emt 00:00:20]

} 30. fxe3 {

[%clk 00:00:15]

} Rxb5 {

[%clk 00:03:14]

} {

[%emt 00:00:23]

} 31. Ra4 {

[%clk 00:00:17]

} Bc3 {

[%clk 00:03:11]

} {

[%emt 00:00:05]

} 32. Rd5 {

[%clk 00:00:16]

} {

[%emt 00:00:05]

} Rb2 {

[%clk 00:02:09]

} {

[%emt 00:01:05]

} 33. Bh3 {

[%clk 00:00:06]

} {

[%emt 00:00:13]

} Bb4 {

[%clk 00:01:46]

} {

[%emt 00:00:26]

} 34. e5 {

[%clk 00:00:07]

} {

[%emt 00:00:03]

} Re2 {

[%clk 00:01:34]

} {

[%emt 00:00:14]

} 35. Rd3 {

[%clk 00:00:05]

} {

[%emt 00:00:06]

} Re8 {

[%clk 00:01:31]

} {

[%emt 00:00:06]

} 36. e6 {

[%clk 00:00:04]

} {

[%emt 00:00:04]

} f5 {

[%clk 00:01:19]

} {

[%emt 00:00:15]

} 37. Bg2 {

[%clk 00:00:05]

} {

[%emt 00:00:02]

} Kg7 {

[%clk 00:01:06]

} {

[%emt 00:00:15]

} 38. Bd5 {

[%clk 00:00:04]

} {

[%emt 00:00:04]

} Kf6 {

[%clk 00:01:01]

} {

[%emt 00:00:08]

} 39. Ra2 {

[%clk 00:00:05]

} {

[%emt 00:00:02]

} Rxa2 {

[%clk 00:00:45]

} {

[%emt 00:00:19]

} 40. Bxa2 {

[%clk 00:00:07]

} Rc8 {

[%clk 00:00:47]

} 41. Bb3 {

[%emt 00:00:07]

} Ke5 {

[%emt 00:00:06]

} 0-1